01026nam a2200289Ia 450000500170000000800410001702000150005808200160007310000230008924501030011225000190021530000430023449000220027750400410029953400680034065000220040865000280043065000340045865000290049270000230052170000350054426400340057933600270061333700330064033800280067304000350070120220317000556.0160601s2001 ag a g 000 0 und  a950121090104a330.9bG24n1 aGélinier, Octave13aLa nueva economía del siglo XXI blas 28 reglas del juego cOctave Gélinier, Emmanuel Pateyron a1a. edición  a247 páginas bilustraciones c22 cm  aPaidós empresa  aIncluye referencias bibliográficas tLa nouvelle économie du 21e. siécle. Les 28 régles du jeu142LEMBaEconomía 142LEMB aGlobalización 142LEMBaDesarrollo económico 142LEMBaMercado monetario 1 aPateyron, Emmanuel1 aVillegas, Federicoetraductor  aBuenos Aires bPaidósc2001 atextobtxt2rdacontent asin mediaciónbn2rdamedia avolumenbnc2rdacarrier aCO-BoRNBPbspaerdacCO-BoRNBP